Populacja państw w roku 2200 - Statystyki

Ogólne statystyki
  • Ten quiz został rozwiązany 167 razy
  • Średni wynik to 11 z 15
Statystyki odpowiedzi
populacja państwa państwa % Poprawnych
3miliardy Chiny
100%
4 miliardy Indie
99%
789 miliony Stany zjednoczone
97%
200 miliony Rosja
88%
149 Miliony Niemcy
82%
141 miliony Francja
79%
500 miliony NIGERIA
75%
499 miliony Indonezja
71%
150 Miliony Wielka brytania
70%
496 miliony Pakistan
62%
99 miliony Polska
60%
350 miliony Egipt
59%
100 miliony Włochy
56%
387 miliony Etiopia
48%
344 miliony Iran
47%
Nie znaleziono quizów pasujących do podanych kryteriów
Rozkład punktacji
Procent ludzi z każdym wynikiem
Percentyl według liczby udzielonych odpowiedzi
Twoja historia wyników
Nie rozwiązałeś tego quizu